Statistiques concernant La Guerre des Clans - Chats les plus cités du second cycle

Cliquez ici pour prendre le quiz!

Statistiques générales

  • Ce quiz a été pris 71 fois
  • Le résultat moyen est 13 sur 20

Statistiques - réponses

ClassementRéponseNombre d'occurrences% Correct
4èmeÉtoile de Feu1211
100%
1erGriffe de Ronce2341
91%
2èmeFeuille de Lune2036
89%
3èmePoil d'Écureuil1630
86%
11èmePelage d'Or411
80%
5èmePelage d'Orage804
74%
6èmePlume de Jais709
74%
10èmeJolie Plume448
69%
17èmePlume Grise236
69%
13èmeÉtoile Solitaire282
66%
7èmeMuseau Cendré632
66%
17èmeÉtoile de Jais236
63%
8èmePapillon509
57%
20èmeÉtoile du Tigre204
54%
9èmePlume de Faucon479
54%
15èmePelage de Granit266
46%
19èmePatte de Brume230
43%
14èmePelage de Poussière276
43%
12èmePoil de Châtaigne321
31%
16èmeFlocon de Neige260
26%

Distribution des résultats

Percentile par nombre de réponses

% des personnes avec chaque résultat

Votre développement - résultats

Vous n’avez pas pris ce quiz